期刊信息 |
| 索取号 |
F2/JJLL
|
| 题名 |
经济理论与经济管理
|
| 作者 |
经济理论与经济管理编辑部
|
| 分册号 |
|
| 分册名 |
|
| 出版地 |
北京
|
| 出版者 |
中国人民大学出版社
|
| 标准刊号 |
1000-596X
|
| 出版频率 |
月刊
|
| 中图法分类 |
F2
|
| 主题词 |
经济计划; 经济管理
|
| 电子资源 | |
| |
|
| 000 | 01290nas0 2200373 45 | |
| 001 | 1196050343 | |
| 005 | 20070510105745.60 | |
| 011 | @a1000-596X@dCNY4.50(1996) | |
| 091 | @aCN@b11-1517 | |
| 092 | @aCN@b2-286@cBM526 | |
| 100 | @a19960116a19819999k y0chiy0110 eb | |
| 101 | 0 | @achi |
| 102 | @aCN@b110000 | |
| 110 | @aagaz 0yy0 | |
| 200 | 1 | @a经济理论与经济管理@AJingji lilun yu jingji guanli@f经济理论与经济管理编辑部@FJing Ji Li Lun Yu Jing Ji Guan Li Bian Ji Bu |
| 207 | 0 | @a1981,no.1(1981)~=总1~ |
| 210 | @a北京@b北京市海淀区中国人民大学校内(邮码100872)@c中国人民大学出版社@d1981~ | |
| 215 | @d26cm | |
| 304 | @aEconomic theory and business management | |
| 326 | @a月刊 | |
| 510 | 1 | @aEconomic theory and business management@zeng |
| 530 | 0 | @a经济理论与经济管理@AJing Ji Li Lun Yu Jing Ji Guan Li |
| 540 | 1 | @a经济 理论 经济 管理@AJing Ji Li Lun Jing Ji Guan Li |
| 606 | 0 | @a经济计划 |
| 606 | 0 | @a经济管理 |
| 610 | 0 | @a经济@a理论@a管理 |
| 676 | @a658@v19 | |
| 690 | @aF2@v3 | |
| 690 | @aF2@v4 | |
| 701 | 0 | @a高成兴@AGao Cheng Xing@4主编 |
| 711 | 02 | @a中国人民大学@AZhong Guo Ren Min Da Xue@4主办 |
| 711 | 0 | @a经济理论与经济管理编辑部@AJing Ji Li Lun Yu Jing Ji Guan Li Bian Ji Bu |
| 801 | 0 | @aCN@bPFT@c20070510 |
| 905 | @a1@cQ@dF2@eJJLL | |
| 经济理论与经济管理/经济理论与经济管理编辑部.-1981,no.1(1981)~=总1~.-北京(北京市海淀区中国人民大学校内(邮码100872)):中国人民大学出版社,1981~ |
| 26cm |
| ←识别题名:经济理论与经济管理 |
| ISSN 1000-596X:CNY4.50(1996) |
| ● |
| 相关链接: |
|
|
|
|